Statystyki dla Wielki Quiz o Astronomi

Kliknij tutaj aby rozwiązać quiz!

Ogólne statystyki

  • Ten quiz został rozwiązany 28 razy
  • Średni wynik to 16 z 45

Statystyki odpowiedzi

PytanieOdpowiedź% Poprawnych
Pierwsza planeta od słońcaMerkury
95%
Czarna Dziura znajdująca się w centrum Drogi MlecznejSagittarius A*
91%
Najbliższa nam GalaktykaAndromeda (M31)
86%
Najgorętsza planeta w Układzie SłonecznymWenus
73%
Najbliższa nam GwiazdaProxima Centauri
64%
Uważana za największą gwiazdęStephenson 2-18
59%
Księżyc posiadający najgęstszą atmosfereTytan
59%
Najbardziej znana KometaKometa Halleya
55%
Pierwszy Człowiek w kosmosieYuri Gagarin
55%
Kolejny Hipotetyczny obiekt który jest odwrotnością Czarnej DziuryBiała Dziura
50%
"Żółty Księżyc" JowiszaIo
50%
Najwyższa góra w Układzie SłonecznymOlympus Mons
50%
Styx, Nix, Hydra i Kerberos to Księżyce jakiego obiektu ?Pluton
50%
Najdalej oddalony obiekt stworzony przez człowiekaVoyager 1
50%
Ile stopni Celsjusza to 0 Kelvinów-273°C
45%
Największy obiekt w Pasie AsteroidCeres
45%
Jakakolwiek Planeta Karłowata oprócz PlutonaCeres | Eris | Haumea | Makemake
45%
Matuzalem jestGwiazdą
45%
Nazwa 4 największych Księżyców Jowisza (ogólna nazwa)Księżyce Galileuszowe
41%
Pulsar to GwiazdaNeutronowa
41%
Pierwszy sztuczny Satelita wystrzelony przez człowiekaSputnik 1
41%
"Najlepszy" teleskop w orbicie okołoziemskiejTeleskop Jamesa Webb'a
41%
Nasze Słońe jest (podaj typ)Żołtym Karłem
41%
Największy Księżyc PlutonaCharon
36%
Najmniejszy Księżyc MarsaDeimos
36%
W tym kraju znajduje się Instytut Maxa PlanckaNiemcy
36%
Czym jest KwazarCzarna Dziura
32%
Hipotetyczny obłok znajdujący się na skraju Układu SłonecznegoObłok Oorta
23%
Imie Hubble'aEdward
18%
Druga najbliższa nam GalaktykaGalaktyka Trójkąta (M33)
18%
Eliptyczna Planeta KarłowataHaumea
18%
To znajduje się pod powierzchnią EnceladusaOcean
18%
Największy Księżyc NeptunaTryton
18%
Największy Księżyc UranaTytania
18%
Księżyc Saturna wyglądający jak "Gwiazda Śmierci"Mimas
14%
Największy Księżyc ErisDysnomia
9%
Odkrył on UranaFriedrich Wilhelm Herschel
9%
Hipotetyczna Gwiazda gęstsza od Gwiazdy NeutronowejGwiazda Kwarkowa
9%
Planeta która zderzyła się w Hadeiku z ZiemiąTheia
9%
Księżyce Urana zostały nazwane na cześć powieści (twórcy)Shakespeare'a
5%
Kometa która uderzyła w JowiszaShoemaker-Levy 9
5%
Piąty największy Księżyc JowiszaAmaltea
0%
Odkrył on NeptunaJohann Gottfried Galle
0%
Hipotetyczny typ gwiazdy mogący istnieć we wczesnym WszechświecieQuasistar
0%
Gonggong to obiektTransneptunowy
0%

Rozkład punktacji

Percentyl według liczby udzielonych odpowiedzi

Procent ludzi z każdym wynikiem

Twoja historia wyników

Nie rozwiązałeś tego quizu